zpět

Detail výsledku týmu

Třiadvacítka, Mělník

Datum a čas kvízu

33.5 Celkem bodů Celkový počet nahraných bodů na tomto kvízu bez doplňovacích otázek.
3. Pořadí na kvízu Konečné umístění týmu na tomto kvízu.

Zaznamenané odpovědi

# Otázka Odpověď Body Výsledky
1. Velmi netradiční problém musel... bobr 0
2. Překvapení minulý týden neskrý... policie 1
3. Rozhořčení občané jednoho měst... v Táboře 0
4. Minulý týden oznámila italská... Silvio Berlusconi 1
5. V prvním přípravném zápase pře... Německo, David Tomášek 0.5
6. V pěti otázkách tohoto tématu... fyziologický roztok 1
7. Jaká je denní dávka kuchyňské... B 1
8. Tato sůl získala své růžové zb... himálajská 1
9. Jak zní obchodní název takzvan... Praganda 1
10. Chcete-li si užít blahodárného... D) Bad Ischl 1